Central Library OPAC University of Rajshahi

Speeches and statements / (Record no. 27027)

MARC details
000 -LEADER
fixed length control field 00893nam a2200229 a 4500
001 - CONTROL NUMBER
control field 27027
003 - CONTROL NUMBER IDENTIFIER
rucl marc code BD-RjUL
005 - DATE AND TIME OF LATEST TRANSACTION
control field 20211209051113.0
008 - FIXED-LENGTH DATA ELEMENTS--GENERAL INFORMATION
fixed length control field 160804s1965 pk 001 0 eng
035 ## - SYSTEM CONTROL NUMBER
System control number (BD-RjUL)27098
040 ## - CATALOGING SOURCE
Original cataloging agency DLC
Transcribing agency CarP
Modifying agency DLC
-- BD-RjUL
Language of cataloging eng
041 ## - LANGUAGE CODE
Language code of text/sound track or separate title eng
082 ## - DEWEY DECIMAL CLASSIFICATION NUMBER
Classification number 320.9549
Author mark and year KHS 1963
Edition number 23
100 1# - MAIN ENTRY--PERSONAL NAME
Personal name Khan, Mohammad Ayub,
Dates associated with a name 1907- [from old catalog]
9 (RLIN) 83025
245 10 - TITLE STATEMENT
Title Speeches and statements /
Statement of responsibility, etc. field marshal Mohammad Ayub Khan, President of Pakistan
260 ## - PUBLICATION, DISTRIBUTION, ETC. (IMPRINT)
Place of publication, distribution, etc. Karachi :
Name of publisher, distributor, etc. Pakistan Publications,
Date of publication, distribution, etc. 1963.
300 ## - PHYSICAL DESCRIPTION
Pagination V. ;
Size 24 cm.
500 ## - GENERAL NOTE
General note Includes Index
505 ## - FORMATTED CONTENTS NOTE
Formatted contents note VOL. 1. October 1958-June 1959 -- V. 2. July 1959-June 1960 -- V. 4. July 1962-June 1963 -- V. 5. July 1961-June 1962 -- V. 6. July 1963-June 1964 -- V. 7. July 1962-June 1963 --
651 #0 - SUBJECT ADDED ENTRY--GEOGRAPHIC NAME
Geographic name Pakistan
General subdivision Politics and government.
9 (RLIN) 83026
942 ## - ADDED ENTRY ELEMENTS (KOHA)
Source of classification or shelving scheme Dewey Decimal Classification
Koha item type Books
Holdings
Lost status Source of classification or shelving scheme Damaged status Not for loan Collection code Permanent Location Current Location Shelving location Date acquired Source of acquisition Cost, normal purchase price Total Checkouts Full call number Date last seen Copy number Koha item type
  Dewey Decimal Classification     Non-fiction Central Library, University of Rajshahi Central Library, University of Rajshahi   25/01/1967 Royal book company, Karachi 5.00   320.9549 KHS V-5 1963 24/03/2014 C-2 Books
  Dewey Decimal Classification     Non-fiction Central Library, University of Rajshahi Central Library, University of Rajshahi   25/01/1967 Royal book company, Karachi 5.00   320.9549 KHS V-5 1963 24/03/2014 C-4 Books
  Dewey Decimal Classification     Non-fiction Central Library, University of Rajshahi Central Library, University of Rajshahi   25/01/1967 Royal book company, Karachi 5.00   320.9549 KHS V-5 1963 24/03/2014 C-3 Books
  Dewey Decimal Classification     Non-fiction Central Library, University of Rajshahi Central Library, University of Rajshahi   24/01/1967 Royal book co. 5.00   320.9549 KHS V-7 1965 04/08/2016 C-2 Books
  Dewey Decimal Classification     Non-fiction Central Library, University of Rajshahi Central Library, University of Rajshahi   25/01/1967 Royal book co. 5.00   320.9549 KHS V-7 1965 04/08/2016 C-3 Books
  Dewey Decimal Classification     Non-fiction Central Library, University of Rajshahi Central Library, University of Rajshahi   25/01/1967 Royal book co. 5.00   320.9549 KHS V-6 1964 04/08/2016 C-2 Books
  Dewey Decimal Classification     Non-fiction Central Library, University of Rajshahi Central Library, University of Rajshahi   25/01/1967 Royal book co. 5.00   320.9549 KHS V-6 1964 04/08/2016 C-3 Books
  Dewey Decimal Classification     Non-fiction Central Library, University of Rajshahi Central Library, University of Rajshahi   25/01/1967 Royal book co. 5.00   320.9549 KHS V-6 1963 04/08/2016 C-4 Books
  Dewey Decimal Classification   Not For Loan Non-fiction Central Library, University of Rajshahi Central Library, University of Rajshahi Reading Room 25/01/1967 Royal book co. 5.00   320.9549 KHS V-2 1960 04/08/2016 C-1 Books
  Dewey Decimal Classification     Non-fiction Central Library, University of Rajshahi Central Library, University of Rajshahi   25/01/1967 Royal book co. 5.00   320.9549 KHS V-1 1959 04/08/2016 C-2 Books
  Dewey Decimal Classification     Non-fiction Central Library, University of Rajshahi Central Library, University of Rajshahi   25/01/1967 Royal book co. 5.00   320.9549 KHS V-7 1965 04/08/2016 C-4 Books
  Dewey Decimal Classification     Non-fiction Central Library, University of Rajshahi Central Library, University of Rajshahi   25/01/1967 Royal book co. 5.00   320.9549 KHS V-1 1959 04/08/2016 C-3 Books
  Dewey Decimal Classification     Non-fiction Central Library, University of Rajshahi Central Library, University of Rajshahi   25/01/1967 Royal book co. 5.00   320.9549 KHS V-4 1962 04/08/2016 C-2 Books
  Dewey Decimal Classification   Not For Loan Non-fiction Central Library, University of Rajshahi Central Library, University of Rajshahi Reading Room 25/01/1967 Royal book 5.00   320.9549 KHS V-4 1962 20/10/2022 C-1 Books